000 00645nam a2200265Ia 4500
005 20260121114442.0
008 008 260114s9999 xx 000 0 eng d
020 _a9789354248283
037 _aEBOOK
040 _aCRL
040 _beng
040 _cCRL
041 _2eng
041 _aeng
084 _qCRL
100 _aRamo
_9975289
245 0 _aFields and Waves in Communication Electronics, 3ed
260 _bWiley
260 _c2021
650 _aElectrical & Electronics
_9975290
856 _uhttps://ebooks.wileyindia.com/product-details/283655
942 _cEBOOK
999 _c1554259
_d1554259